| 000 | 00493nam a22001937a 4500 | ||
|---|---|---|---|
| 003 | LK-CoMWRAF | ||
| 005 | 20231114183807.0 | ||
| 008 | 231114b |||||||| |||| 00| 0 eng d | ||
| 020 | _a9551076087 | ||
| 040 |
_aLK-CoMWRAF _dLK-CoMWRAF _eLK-CoMWRAF |
||
| 041 | _aeng | ||
| 082 |
_a823 _bSAN |
||
| 100 | _aSandaratne, Nimal | ||
| 245 | _aA Tale of two sisters | ||
| 260 |
_aKandy : _bNimal Sandaratne _c2006 |
||
| 300 | _a126p. ; 10cm | ||
| 650 | _aEnglish Fiction--Sri Lankan | ||
| 942 | _cBK | ||
| 999 |
_c4075 _d4075 |
||